=LDR 00000nam 2200000 4500 =001 INLIS000000000048303 =005 20161020100149.0 =006 =007 =008 =020 ##$$a 978-979-18863-1-4 =035 ##$$0010-101600000000061 =082 ##$$2 22 $a 899.221 3 =090 ##$$a 899.221 3 $b Pao t =100 ##$$a Paox Iben Mudhaffar =245 ##$$a Tambora 1815 : sebuah novel $c Paox Iben Mudhaffar ; editor Mukhlis Muma Leon =260 ##$$a Mataram $b Bukudaku $c 2015 =300 ##$$a ix, 301 hlm. $c 21 cm. =500 ##$$a Biografi : hlm. 301 =650 ##$$a Fiksi Indonesia =700 ##$$a Mukhlis Muma Leon